00205nam a2200073Ia 4500008004100000082001600041245005200057300002200109230907s9999||||xx |||||||||||||| ||und|| a621.31bADV 0aAdvances in electric power and energy systems : axiii, 304 pages :